000 00772nam a2200241 i 4500
001 180861
003 ES-MaACL
005 20250821102029.0
008 120723s1991 sp ao |||| | spa d
020 _a84-7679-199-2
080 _a7.034.4(460)
100 1 _aCollar de Cáceres, Fernando.
_9151141
245 1 3 _aEl plateresco /
_cpor Fernando Collar de Cáceres.
260 _aMadrid :
_bHistoria Viva,
_c[1991]
300 _aVIII, 31 p. :
_bil. col. y n. ;
_c24 cm.
490 1 _aCuadernos de arte español ;
_v59
504 _aBibliografía: p. 31.
594 _aEn cub.: Historia 16.
650 7 _aArte plateresco
_2embne
_9151142
830 0 0 _aCuadernos de arte español
_v59
_9191338
852 _aES-MaACL
_j2314-F-35
999 _c180861
_d180861